UEFA Champions League Top Goal Scorers - Statistics

General Stats
  • This quiz has been taken 28 times
  • The average score is 18 of 22
Answer Stats
Goals Played CL for these clubs Answer % Correct
140 Manchester United, Real Madrid, Juventus Cristiano Ronaldo
100%
129 Barcelona, PSG Lionel Messi
100%
50 RB Salzburg, Borussia Dortmund, Manchester City Erling Haaland
92%
42 Tottenham Hotspur, Bayern Munich Harry Kane
92%
105 Borussia Dortmund, Bayern Munich, Barcelona Robert Lewandowski
92%
90 Olympique Lyon, Real Madrid Karim Benzema
88%
57 Monaco, PSG, Real Madrid Kylian Mbappé
88%
71 Real Madrid, Schalke 04 Raul
88%
50 Monaco, Arsenal, Barcelona Thierry Henry
88%
57 Bayern Munich Thomas Müller
88%
48 Ajax, Juventus, Inter Milan, Barcelona, AC Milan, PSG Zlatan Ibrahimovic
88%
48 Dinamo Kyiv, Chelsea, AC Milan Andrei Shevchenko
84%
42 Atletico Madrid, Barcelona Antoine Griezmann
84%
44 Olympique Marseille, Chelsea, Galatasaray Didier Drogba
84%
43 Barcelona, PSG Neymar
84%
48 Basel, Chelsea, AS Roma, Liverpool Mohamed Salah
80%
56 PSV Eindhoven, Manchester United, Real Madrid Ruud van Nistelrooy
80%
46 Benfica Eusebio
76%
42 Atletico Madrid, Manchester City Sergio Aguero
76%
42 Juventus Alessandro del Piero
72%
46 AC Milan, Juventus Filippo Inzaghi
60%
49 Real Madrid Alfredo di Stefano
56%
No matching quizzes found
Score Distribution
Percent of People with Each Score
Percentile by Number Answered
Your Score History
You have not taken this quiz